| 000 | 00643nam a2200181Ia 4500 | ||
|---|---|---|---|
| 008 | 090124s9999 xx 000 0 und d | ||
| 082 | _b28815 | ||
| 100 | _aरजनीश भगवान | ||
| 245 | _a बाई मी विकत घेतला श्याम | ||
| 250 | _a1 | ||
| 260 |
_bजीवन जागृती केंद्र _c1974 |
||
| 300 | _a148 | ||
| 600 | _aरजनीश भगवान | ||
| 630 | _a बाई मी विकत घेतला श्याम | ||
| 700 | _aरजनीश भगवान | ||
| 730 | _a बाई मी विकत घेतला श्याम | ||
| 942 | _cBOOK | ||
| 999 |
_c94578 _d94578 |
||